Petit Bac - Lettre H - Statistiques

Statistiques générales
  • Ce quiz a été pris 4 083 fois
    4 053 depuis la dernière actualisation
  • Le résultat moyen est 8 sur 10
Statistiques - réponses
Catégories Réponses en H % Correct
Prénom Haby / Hailey / Halima / Halyna / Hanaé / Hanaël / Hanan / Hannah / Harmony / Hathor / Hava / Havana / Hawena / Heather / Heddet / Heidi / Héléna / Hélène / Héliodora / Héloïse / Héméra / Henriette / Héra / Hermine / Hermione / Hestia / Hilda / Hinda / Hisae / Hoda / Hodeia / Hoëlle / Holly / Hortense / Houlia / Houna / HygieHank / Hans / Hansel / Harald / Harrold / Harold / Harry / Harvey / Hector / Hélios / Henry / Henrie / Herbert / Hercule / Hermann / Hermès / Hervé / Hewan / Hilaire / Hippolyte / Hiram / Hocine / Hoël / Honoré / Horatio / Hubert / Hugo / Hugues / Humbert / Hyacinthe
99%
Animal Habu / Hamster / Hanneton / Harelde kakawi / Hareng / Harfang / Harle couronné / Harle huppé / Harpie / Hercule / Hérisson / Hermine / Héron / Héron vert / Hibou / Hippocampe / Hippopotame / Hirondelle / Hocheur / Hogna rayée / Homard / Hotu / Houlock / Hyène
91%
Objet Hache / Hachette / Hachoir / Hamac / Harpe / Harpon / Horloge / Hotte / Houe / Housse / Hélice / Hélicoptère / Hochet / Haltère / Hutte / Hublot / Harmonica / Housse de couette / Hameçon / habit / Herse / Haie / Harnais / Hallebarde / Hôte / Heaume / Herbier / Haut parleur / Habits / Hélico / Home cinéma / Huche / Horodateur / Haut-parleur / Hacheur / hautbois / Haut de forme / hydravion / Hampe / Hijab / Humidificateur / Houlette / Halogène / Haillon / Holster / Hache / haut / Hayon / Horloge / Heurtoir / Haut bois / Hydromètre / Haut vent / Houppette / hotte / hélicon / Haie / Hachette / Hygromètre / houx / huilier / home-cinéma / Haillons / hacha / Hydrolienne / Humidificateur d'air / housse d'ordinateur
91%
Pays Haïti / Honduras / Hongrie
91%
Marque Hollywood Chewing-gum / Hello ! / Heudebert / Haribo / Hasbro / Handy Bag / Hansaplast / Hugo Boss / Huggies / Herta / Heineken / Hextril / Haagen Dazs / Haart / habbo / Hamilton / Hanse / Hanvon / Happy Cash / Hara-Kiri / Harry's / Harvey's / HD DVD / Head / Head & Soulders / Heat / Heetch / HEC / Henkel / Hilti / Hippopotamus / History Channel / Hitachi / Hitschler / HMV / Hoeggarden / Homebase / Home Depot / Honda / Hotel F1 / Houra / HP / HSBC / HTC / Huber / Hurtigruten / Husqvarna / HVV / Hydriska / Hyundai / Hom / H&M
86%
Sport Haltérophilie / Handball / Handisport / Hapkido / Heptathlon / Hip hop / Hockey / Hockey subaquatique / Hockey sur gazon / Hockey sur glace / Horse ball / Hurling
72%
Fruit ou Légume Haricot / Haricot Vert / Haricot Beurre / Haricot Rouge / Haricot Mungo
65%
Métier Habilleur / Hacker éthique / Harpiste / Herboriste / Herpétologue / Historien / Homme d'État / Homme politique / Homologateur / Horiculteur / Horloger / Horticulteur / Hôtelier / Hôtesse d'accueil / Hôtesse de l'air / Hotliner / Huissier / Huissier de justice / Humoriste / Hydraulicien / Hydrobiologiste / Hydrogéologue / Hydrothérapeute / Hygiéniste dentaire / Hauboiste / Héliciculteur
62%
Partie du corps Hanche / Humérus / hymen
62%
Vêtement habit / habitronique / haïck / haïk / hakama / happi / hardes / haut-de-chausses / heaume / hijab / himation / homewear / hood / hoodie / houppelande / houseau / housette / huipil / Haut de forme
47%
Aucun quiz correspondant
Distribution des résultats
% des personnes avec chaque résultat
Percentile par nombre de réponses
Votre historique - résultats
Vous n’avez pas pris ce quiz depuis la dernière actualisation